Геохимическое прогнозирование залежей в Сургутском районе нефтедобычи; Известия Томского политехнического университета [Известия ТПУ]; Т. 313, № 1: Науки о Земле
| Parent link: | Известия Томского политехнического университета [Известия ТПУ]/ Томский политехнический университет (ТПУ).— , 2000- Т. 313, № 1: Науки о Земле.— 2008.— [С. 44-51] |
|---|---|
| Altres autors: | , , , |
| Sumari: | Заглавие с титульного листа Электронная версия печатной публикации В Сургутском районе нефтедобычи выполнено прогнозирование залежей нефти по аномалиям концентраций мигрирующих в поверхностные отложения жидких углеводородов. Выявлены три перспективных участка, два из которых подтверждены бурением. Для третьего, прогнозного участка, предложен разрез возможной залежи. Концентрации ароматических углеводородов определялись методами органической геохимии в пробах грунтов, взятых с забоя взрывных скважин сейсморазведки. |
| Idioma: | rus |
| Publicat: |
2008
|
| Col·lecció: | Геология нефти и газа |
| Matèries: | |
| Accés en línia: | http://www.lib.tpu.ru/fulltext/v/Bulletin_TPU/2008/v313/i1/07.pdf |
| Format: | MixedMaterials Electrònic Capítol de llibre |
| KOHA link: | https://koha.lib.tpu.ru/cgi-bin/koha/opac-detail.pl?biblionumber=173379 |
MARC
| LEADER | 00000nla2a2200000 4500 | ||
|---|---|---|---|
| 001 | 173379 | ||
| 005 | 20240112132355.0 | ||
| 035 | |a (RuTPU)RU\TPU\book\188039 | ||
| 035 | |a RU\TPU\book\188038 | ||
| 090 | |a 173379 | ||
| 100 | |a 20091223d2008 k y0rusy50 ca | ||
| 101 | 0 | |a rus | |
| 102 | |a RU | ||
| 135 | |a drnn ---uucaa | ||
| 181 | 0 | |a i | |
| 182 | 0 | |a b | |
| 200 | 1 | |a Геохимическое прогнозирование залежей в Сургутском районе нефтедобычи |f В. И. Исаев [и др.] | |
| 203 | |a Текст |c электронный | ||
| 215 | |a 1 файл (2.7 Мб) | ||
| 225 | 1 | |a Геология нефти и газа | |
| 300 | |a Заглавие с титульного листа | ||
| 300 | |a Электронная версия печатной публикации | ||
| 320 | |a [Библиогр.: с. 51 (4 назв.)] | ||
| 330 | |a В Сургутском районе нефтедобычи выполнено прогнозирование залежей нефти по аномалиям концентраций мигрирующих в поверхностные отложения жидких углеводородов. Выявлены три перспективных участка, два из которых подтверждены бурением. Для третьего, прогнозного участка, предложен разрез возможной залежи. Концентрации ароматических углеводородов определялись методами органической геохимии в пробах грунтов, взятых с забоя взрывных скважин сейсморазведки. | ||
| 337 | |a Adobe Reader | ||
| 461 | 1 | |0 (RuTPU)RU\TPU\book\176237 |t Известия Томского политехнического университета [Известия ТПУ] |f Томский политехнический университет (ТПУ) |d 2000- | |
| 463 | 1 | |0 (RuTPU)RU\TPU\book\188020 |x 1684-8519 |t Т. 313, № 1: Науки о Земле |v [С. 44-51] |d 2008 |p 117 с. | |
| 610 | 1 | |a геохимическое прогнозирование | |
| 610 | 1 | |a залежи | |
| 610 | 1 | |a Сургутский район | |
| 610 | 1 | |a нефтедобыча | |
| 610 | 1 | |a нефть | |
| 610 | 1 | |a аномалии | |
| 610 | 1 | |a концентрация | |
| 610 | 1 | |a поверхностные отложения | |
| 610 | 1 | |a жидкие углеводороды | |
| 610 | 1 | |a бурение | |
| 610 | 1 | |a прогнозные участки | |
| 610 | 1 | |a ароматические углеводороды | |
| 610 | 1 | |a органическая геохимия | |
| 610 | 1 | |a пробы | |
| 610 | 1 | |a грунты | |
| 610 | 1 | |a забой | |
| 610 | 1 | |a скважины | |
| 610 | 1 | |a сейсморазведка | |
| 610 | 1 | |a труды учёных ТПУ | |
| 610 | 1 | |a электронный ресурс | |
| 701 | 1 | |a Исаев |b В. И. |c российский геолог |c профессор Томского политехнического университета, доктор геолого-минералогических наук |f 1952- |g Валерий Иванович |3 (RuTPU)RU\TPU\pers\24786 | |
| 701 | 1 | |a Коржов |b Ю. В. | |
| 701 | 1 | |a Лобова |b Г. А. |c геофизик |c доцент Томского политехнического университета, кандидат геолого-минералогических наук |f 1952- |g Галина Анатольевна |3 (RuTPU)RU\TPU\pers\28751 |9 13541 | |
| 701 | 1 | |a Ярков |b Д. М. | |
| 801 | 1 | |a RU |b 63413507 |c 20090623 |g PSBO | |
| 801 | 2 | |a RU |b 63413507 |c 20211207 |g PSBO | |
| 856 | 4 | |u http://www.lib.tpu.ru/fulltext/v/Bulletin_TPU/2008/v313/i1/07.pdf | |
| 942 | |c CF | ||